000 00652nam a2200241Ia 4500
003 OSt
005 20221006164215.0
006 a|||||r|||| 00| 0
007 ta
008 221006b |||||||| |||| 00| 0 hin d
024 _a5,944
037 _cTextual
040 _aFML
_cFML
_bhin
041 _2hin
_ahin
082 _aO15:gxF90,1, M3
100 _aSharda Tanay Au.
_9676850
245 0 _aBhavprakashanam
260 _aVaranasi
_bChaukhamba India
_c1983
300 _a623
_ccm.
700 _a Agrawal M. M. Ed.
942 _hO15:gxF90,1, M3
_cTEXL
_2CC
999 _c1116517
_d1116517